[Event "Copenhagen-ch Obro 75th"]
[Site "Copenhagen"]
[Date "2011.10.18"]
[Round "5"]
[White "Steenstrup, Per"]
[Black "Petersen, Steen Brustrup"]
[Result "0-1"]
[WhiteElo "1999"]
[BlackElo "2372"]
[PlyCount "80"]
[EventDate "2011.10.14"]
[EventType "swiss"]
[EventRounds "9"]
[EventCountry "DEN"]
[SourceTitle "EXT 2018"]
[Source "ChessBase"]
[SourceDate "2017.10.13"]
[SourceVersion "1"]
[SourceVersionDate "2017.10.13"]
[SourceQuality "1"]

1. d4 Nf6 2. Nf3 g6 3. Bf4 Bg7 4. e3 0-0 5. c4 d6 6. h3 c5 7. Nc3 Nbd7 8. Be2 b6 9. 0-0 cxd4 10. exd4 Bb7 11. Rc1 Re8 12. d5 Nc5 13. Re1 a5 14. b3 Nfe4 15. Nxe4 Nxe4 16. Bd3 Nc5 17. a4 e5 18. dxe6 fxe6 19. Be2 e5 20. Be3 Qd7 21. Bxc5 bxc5 22. Qd2 e4 23. Nh2 Rf8 24. Ng4 h5 25. Ne3 Qf7 26. Bf1 Bd4 27. g3 Qf6 28. Re2 Qe5 29. Bg2 Kg7 30. Rc2 Rf7 31. Qe1 h4 32. g4 Raf8 33. Nf1 Qf4 34. Ne3 Bc6 35. Qxa5 Be5 36. Qd2 Qh2+ 37. Kf1 Rf3 38. Ke1 Rxe3 39. Qxe3 Qxg2 40. Qg5 Qg1+ 0-1

[Event "Odysseus Spring A"]
[Site "Soborg"]
[Date "2009.04.16"]
[Round "1"]
[White "Steenstrup, Per"]
[Black "Olsen, Casper"]
[Result "0-1"]
[WhiteElo "1792"]
[BlackElo "1979"]
[PlyCount "80"]
[EventDate "2009.04.16"]
[EventType "tourn"]
[EventRounds "5"]
[EventCountry "DEN"]
[SourceTitle "EXT 2023"]
[Source "ChessBase"]
[SourceDate "2022.10.05"]
[SourceVersion "1"]
[SourceVersionDate "2022.10.05"]
[SourceQuality "1"]

1. e4 b6 2. d4 Bb7 3. Bd3 Nf6 4. Qe2 e6 5. Nf3 Be7 6. 0-0 d6 7. Nbd2 Nbd7 8. a4 a5 9. e5 Nd5 10. Qe4 dxe5 11. Nxe5 Nxe5 12. dxe5 Qc8 13. Qg4 Kf8 14. c3 h5 15. Qg3 h4 16. Qg4 Qd7 17. Bb5 Bc6 18. Bxc6 Qxc6 19. Nf3 h3 20. g3 Rd8 21. Bg5 Bxg5 22. Nxg5 Ne3 23. Qf3 Qxf3 24. Nxf3 Nxf1 25. Kxf1 Ke7 26. Ke2 Rd7 27. b4 Rhd8 28. bxa5 bxa5 29. Nd4 Ra8 30. Nc6+ Kf8 31. f4 Rd5 32. Rc1 Ra6 33. Nd4 Rb6 34. Rc2 Rb1 35. Nb5 Rg1 36. Ke3 Rdd1 37. Nxc7 Rg2 38. Re2 Rh1 39. Nb5 Rhxh2 40. Re1 Re2+ 0-1

[Event "Bagsvard GSF 75 Years-B"]
[Site "Bagsvard"]
[Date "2008.04.22"]
[Round "2"]
[White "Steenstrup, Per"]
[Black "Sorensen, Dick"]
[Result "0-1"]
[WhiteElo "1904"]
[BlackElo "1911"]
[PlyCount "100"]
[EventDate "2008.04.15"]
[EventType "tourn"]
[EventRounds "7"]
[EventCountry "DEN"]
[SourceTitle "EXT 2023"]
[Source "ChessBase"]
[SourceDate "2022.10.05"]
[SourceVersion "1"]
[SourceVersionDate "2022.10.05"]
[SourceQuality "1"]

1. e4 c5 2. Nc3 Nc6 3. f4 e6 4. Nf3 d5 5. exd5 exd5 6. Bb5 Nf6 7. Ne5 Qc7 8. Qf3 a6 9. Bxc6+ bxc6 10. Qg3 Bf5 11. d3 0-0-0 12. 0-0 h6 13. Bd2 Rg8 14. Rae1 Bd6 15. Qf2 d4 16. Ne4 Bxe4 17. dxe4 Bxe5 18. fxe5 Qxe5 19. Qf5+ Qxf5 20. Rxf5 Rge8 21. Bxh6 Nxe4 22. Bxg7 c4 23. Bh6 d3 24. cxd3 cxd3 25. Rd1 f6 26. Bd2 Re5 27. Rxe5 fxe5 28. Be3 c5 29. b3 Kb7 30. g4 Kc6 31. Kg2 Nc3 32. Rd2 e4 33. Bg5 Rg8 34. h4 Ne2 35. Kf2 Kd5 36. Rxe2 dxe2 37. Kxe2 Kd4 38. Bf6+ Kd5 39. g5 Ke6 40. Ke3 Kf5 41. Be7 Rh8 42. g6 Kxg6 43. Bxc5 Rxh4 44. b4 Kf5 45. a4 Ke5 46. b5 Rh3+ 47. Kd2 axb5 48. axb5 Rd3+ 49. Ke2 Rd5 50. Be3 Rxb5 0-1

[Event "Gladsaxe"]
[Site "Gladsaxe"]
[Date "1993.??.??"]
[Round "4"]
[White "Petersen, Steen"]
[Black "Steenstrup, Per"]
[Result "1-0"]
[WhiteElo "1945"]
[BlackElo "1935"]
[PlyCount "63"]
[EventDate "1993.??.??"]
[EventType "swiss"]
[EventRounds "9"]
[EventCountry "DEN"]
[SourceTitle "EXT 2000"]
[Source "ChessBase"]
[SourceDate "1999.11.16"]
[SourceVersion "1"]
[SourceVersionDate "1999.11.16"]
[SourceQuality "1"]

1. e4 c5 2. c3 d6 3. d4 Nf6 4. Bd3 cxd4 5. cxd4 e5 6. Ne2 Be7 7. Nbc3 0-0 8. 0-0 Nbd7 9. Kh1 Kh8 10. f3 Ng8 11. Nd5 Nb6 12. Nxe7 Qxe7 13. Be3 Bd7 14. Rc1 Rac8 15. Qb3 d5 16. Nc3 dxe4 17. Bxe4 Nf6 18. dxe5 Nxe4 19. Nxe4 Ba4 20. Qd3 Qxe5 21. Nd6 Rxc1 22. Rxc1 Bc6 23. Rxc6 Qxb2 24. Bd4 Qxa2 25. Rc1 Qd5 26. Rd1 Qc6 27. Bxb6 Qxb6 28. Nxf7+ Kg8 29. Ng5 Qg6 30. Qd5+ Kh8 31. Nf7+ Kg8 32. Ne5+ 1-0

[Event "Gladsaxe"]
[Site "Gladsaxe"]
[Date "1993.??.??"]
[Round "1"]
[White "Steenstrup, Per"]
[Black "Danielsen, Heini"]
[Result "0-1"]
[WhiteElo "1935"]
[BlackElo "2095"]
[PlyCount "80"]
[EventDate "1993.??.??"]
[EventType "swiss"]
[EventRounds "9"]
[EventCountry "DEN"]
[SourceTitle "EXT 2000"]
[Source "ChessBase"]
[SourceDate "1999.11.16"]
[SourceVersion "1"]
[SourceVersionDate "1999.11.16"]
[SourceQuality "1"]

1. e4 c5 2. f4 Nf6 3. Nc3 d5 4. exd5 Nxd5 5. Nf3 Nc6 6. Bb5 Nxc3 7. Bxc6+ bxc6 8. bxc3 Ba6 9. d3 g6 10. 0-0 Bg7 11. Ne5 Qd5 12. Qf3 c4 13. d4 Bxe5 14. fxe5 Qxf3 15. Rxf3 Rb8 16. Ba3 Bc8 17. Rff1 Bf5 18. Rab1 Kd7 19. Rb4 Rxb4 20. Bxb4 Ke6 21. Bc5 Rb8 22. Bxa7 Ra8 23. Bc5 Rxa2 24. Rb1 Rxc2 25. Rb7 Rxc3 26. Rxe7+ Kd5 27. Rxf7 Rc1+ 28. Kf2 c3 29. Ke2 c2 30. Ba3 Ra1 31. Bb2 Rb1 32. Ba3 c1Q 33. Bxc1 Rxc1 34. Rxh7 Rc2+ 35. Ke3 Rxg2 36. h4 Rg3+ 37. Kf2 Rh3 38. Rh8 Kxd4 39. Re8 Kd5 40. Re7 Rxh4 0-1

[Event "Gladsaxe"]
[Site "Gladsaxe"]
[Date "1993.??.??"]
[Round "3"]
[White "Steenstrup, Per"]
[Black "Overby, Lars"]
[Result "0-1"]
[WhiteElo "1935"]
[BlackElo "1885"]
[PlyCount "80"]
[EventDate "1993.??.??"]
[EventType "swiss"]
[EventRounds "9"]
[EventCountry "DEN"]
[SourceTitle "EXT 2000"]
[Source "ChessBase"]
[SourceDate "1999.11.16"]
[SourceVersion "1"]
[SourceVersionDate "1999.11.16"]
[SourceQuality "1"]

1. e4 d5 2. exd5 Nf6 3. d4 Nxd5 4. Nf3 Bg4 5. c4 Nb6 6. Be2 e6 7. 0-0 Be7 8. Nc3 0-0 9. Be3 Nc6 10. a3 Bxf3 11. gxf3 Bf6 12. c5 Nd5 13. Ne4 a6 14. Qd2 Qe7 15. Rad1 Rad8 16. f4 g6 17. Nxf6+ Qxf6 18. Qc1 Rd7 19. Rd3 Rfd8 20. Rfd1 Nde7 21. Bf3 Qf5 22. Qc4 h5 23. Kg2 Nd5 24. Qc1 e5 25. Bxd5 Rxd5 26. fxe5 Nxe5 27. Rb3 Qf3+ 28. Kf1 Rxc5 29. Rc3 Rxc3 30. bxc3 Ng4 31. h4 Nxe3+ 32. Qxe3 Qxd1+ 33. Kg2 Qg4+ 34. Kf1 Qd1+ 35. Kg2 Qg4+ 36. Kf1 Qxh4 37. Qe5 Qh1+ 38. Ke2 Qc6 39. Kd2 Re8 40. Qg5 Kg7 0-1